Movies Quiz

Random Movies or World Quiz

Box Office Top 25 (Worldwide) Quiz Stats

 Plays Quiz Updated Mar 6, 2018

Challenge
Share
Tweet
Embed
Score 0/25 Timer 07:00
4 Plays Today
Grossing Movie % Correct
$2,186.8mTitanic
93.6%
$2,788.0mAvatar
89.7%
$1,519.6mThe Avengers
59%
$2,068.2mStar Wars: The Force Awakens
54.8%
$1,346.8mBlack Panther
54.7%
$1,405.4mAvengers: Age of Ultron
52%
$1,084.9mThe Dark Knight Rises
51.4%
$2,046.4mAvengers: Infinity War
48.9%
$1,331.1mStar Wars: The Last Jedi
47.8%
$1,215.4mIron Man 3
45.7%
$1,119.9mThe Lord of the Rings: The Return of the King
42.4%
$1,067.0mToy Story 3
42.1%
$1,341.5mHarry Potter and the Deathly Hallows Part 2
42%
Grossing Movie % Correct
$1,153.3mCaptain America: Civil War
41.5%
$1,670.4mJurassic World
41.2%
$1,276.5mFrozen
35.1%
$1,166.6mIncredibles 2
26.6%
$1,108.6mSkyfall
23.3%
$1,300.9mJurassic World: Fallen Kingdom
22.7%
$1,236.0mThe Fate of the Furious
21.9%
$1,516.0mFurious 7
21.3%
$1,123.8mTransformers: Dark of the Moon
20.1%
$1,263.5mBeauty and the Beast
20%
$1,104.1mTransformers: Age of Extinction
18.2%
$1,159.4mMinions
16.6%

You're not logged in!

Compare scores with friends on all Sporcle quizzes.
OR
Log In

You Might Also Like...

Show Comments

Extras

Top Quizzes Today


Score Distribution

Your Account Isn't Verified!

In order to create a playlist on Sporcle, you need to verify the email address you used during registration. Go to your Sporcle Settings to finish the process.

Report this User

Report this user for behavior that violates our Community Guidelines.

Details: